| 000 -ლიდერი |
| ფიქსირებული სიგრძის საკონტროლო ველი |
01640nam a22002657a 4500 |
| 003 - საკონტროლო ნომრის იდენტიფიკატორი |
| საკონტროლო ველი |
Ge_BSU |
| 005 - ბოლო ოპერაციის თარიღი და დრო |
| საკონტროლო ველი |
20230629153849.0 |
| 008 - ფიქსირებული სიგრძის მონაცემთა ელემენტები - ზოგადი ინფორმაცია |
| ფიქსირებული სიგრძის საკონტროლო ველი |
230629s2009 ge ||||| |||| 00| 0 geo d |
| 020 ## - წიგნის საერთაშორისო სტანდარტული ნომერი |
| International Standard Book Number |
9789941404610 |
| 041 ## - ენის კოდი |
| Language code of text/sound track or separate title |
geo |
| 080 ## - უნივერსალური ათობითი კლასიფიკაციის ინდექსი |
| Universal Decimal Classification number |
008.1(479.22:410) ბ-86 |
| 100 ## - მთავარი ჩანაწერი - პიროვნების სახელი |
| Personal name |
ბორაშვილი-შტოიერი, შორენა. |
| 9 (RLIN) |
19076 |
| 245 ## - ცნობა სათაურის შესახებ |
| Title |
საიდუმლოდ შენახული ქართული საგანძური : |
| Remainder of title |
ოქსფორდის ბოდლის ბიბლიოთეკის უორდროპის კოლექციის კუთვნილი მასალები / |
| Statement of responsibility, etc |
შორენა ბორაშვილი-შტოიერი; დიზაინი გიორგი ბაგრატიონი. |
| 264 ## - წარმოების, გამოცემის, დისტრიბუციის და სხვა ცნობები |
| გამოცემის, წარმოების, დისტრიბუციის... ადგილი |
თბილისი : |
| გამოცემის, წარმოების, დისტრიბუციის... სახელწოდება |
ნეკერი, |
| გამოცემის, წარმოების, დისტრიბუციის... თარიღი |
2009. |
| 300 ## - ფიზიკური აღწერა |
| Extent |
114გვ. ; |
| Other physical details |
20სმ. |
| 500 ## - ზოგადი შენიშვნა |
| General note |
ტექსტი და გარეკანი ქართ. და ინგლ. |
| 504 ## - BIBLIOGRAPHY, ETC. NOTE |
| Bibliography, etc |
ბიბლიოგრ.: გვ. 111-114. |
| 653 ## - INDEX TERM--UNCONTROLLED |
| Uncontrolled term |
უორდროპი, მარჯორი |
| 653 ## - INDEX TERM--UNCONTROLLED |
| Uncontrolled term |
უორდროპი, ოლივერ |
| 653 ## - INDEX TERM--UNCONTROLLED |
| Uncontrolled term |
ქართულ-ბრიტანული კულტურული ურთიერთობები |
| 653 ## - INDEX TERM--UNCONTROLLED |
| Uncontrolled term |
ქართული კულტურა |
| 653 ## - INDEX TERM--UNCONTROLLED |
| Uncontrolled term |
ქართულ-ინგლისური ლიტერატურული ურთიერთობები |
| 700 ## - ADDED ENTRY--PERSONAL NAME |
| Personal name |
ბაგრატიონი, გიორგი |
| Relator term |
დიზაინი |
| 9 (RLIN) |
19077 |
| 942 ## - ADDED ENTRY ELEMENTS (KOHA) |
| Source of classification or shelving scheme |
|
| Koha item type |
წიგნი |